Electric machinery and transformers (Record no. 440)

000 -LEADER
fixed length control field 00469nam a2200193 4500
001 - CONTROL NUMBER
control field 440
003 - CONTROL NUMBER IDENTIFIER
control field BD-DhUET
008 - FIXED-LENGTH DATA ELEMENTS--GENERAL INFORMATION
fixed length control field 140721b xxu||||| |||| 00| 0 eng d
020 ## - INTERNATIONAL STANDARD BOOK NUMBER
International Standard Book Number 81203007755
040 ## - CATALOGING SOURCE
Transcribing agency 0
Modifying agency BD-DhUET
082 ## - DEWEY DECIMAL CLASSIFICATION NUMBER
Classification number 623.1042
Item number KOS/1991
100 ## - MAIN ENTRY--PERSONAL NAME
Personal name Kosow, Irving L.
245 ## - TITLE STATEMENT
Title Electric machinery and transformers
250 ## - EDITION STATEMENT
Edition statement 2nd ed.
260 ## - PUBLICATION, DISTRIBUTION, ETC. (IMPRINT)
Place of publication, distribution, etc. New Delhi
Name of publisher, distributor, etc. Prentice-Hall
Date of publication, distribution, etc. 1991
300 ## - PHYSICAL DESCRIPTION
Extent xiv,626p.
650 #0 - SUBJECT ADDED ENTRY--TOPICAL TERM
Topical term or geographic name as entry element Electric machinery
942 ## - ADDED ENTRY ELEMENTS (KOHA)
Koha item type General Book
Holdings
Piece designation (barcode) Damaged status Date acquired Source of classification or shelving scheme Koha date last seen Koha item type Shelving location Koha full call number Price effective from Koha date last borrowed Copy number Withdrawn status Lost status Location (home branch) Koha issues (times borrowed) Koha normalized classification for sorting Sublocation or collection (holding branch) Not for loan
103680 2014-07-21 2014-07-21General BookCirculation section623.1042/KOS/19912014-07-21 1  Central Library, BUET 623_104200000000000_KOS_1991Central Library, BUET 
103681 2014-07-21 2016-12-07General BookCirculation section623.1042/KOS/19912014-07-21 2  Central Library, BUET 623_104200000000000_KOS_1991Central Library, BUET 
103682 2014-07-21 2021-12-15General BookCirculation section623.1042/KOS/19912014-07-212021-12-053  Central Library, BUET1623_104200000000000_KOS_1991Central Library, BUET 
103683 2014-07-21 2014-07-21General BookCirculation section623.1042/KOS/19912014-07-21 4  Central Library, BUET 623_104200000000000_KOS_1991Central Library, BUET 
103684 2014-07-21 2014-07-21General BookCirculation section623.1042/KOS/19912014-07-21 5  Central Library, BUET 623_000000000000000_1042KOS199Central Library, BUET 
103685 2014-07-21 2014-07-21General BookCirculation section623.1042/KOS/19912014-07-21 6  Central Library, BUET 623_104200000000000_KOS_1991Central Library, BUET 
103686 2014-07-21 2014-07-21General BookCirculation section623.1042/KOS/19912014-07-21 7  Central Library, BUET 623_104200000000000_KOS_1991Central Library, BUET 
103688 2014-07-21 2016-11-29General BookCirculation section623.1042/KOS/19912014-07-21 8  Central Library, BUET 623_000000000000000_1042KOS199Central Library, BUET 
103689 2014-07-21 2017-03-11General BookCirculation section623.1042/KOS/19912014-07-21 9  Central Library, BUET 623_104200000000000_KOS_1991Central Library, BUET